La Razón del poder: transición y gobernabilidad en América Latina /

Uloženo v:
Podrobná bibliografie
Hlavní autor: Gutiérrez Garza, Esthela
Médium: Text
Témata:
Tagy: Přidat tag
Žádné tagy, Buďte první, kdo vytvoří štítek k tomuto záznamu!

MARC

LEADER 00000 a a2200000 04500
001 18788
003
040
100 |a Gutiérrez Garza, Esthela  
245 |a La Razón del poder:   |b transición y gobernabilidad en América Latina /  |c Esthela Gutiérrez Garza 
650 |a GOBERNABILIDAD  
650 |a DEMOCRATIZACION  
773 |g volumen 3, número 6; páginas 8-10  
999 |c 20251  |d 20251